Header

The spark : (Record no. 45927)

MARC details
000 -LEADER
fixed length control field 01011cam a2200301 a 4500
001 - CONTROL NUMBER
control field 981956
003 - CONTROL NUMBER IDENTIFIER
control field Ke-MEMU
005 - DATE AND TIME OF LATEST TRANSACTION
control field 20180906113759.0
008 - FIXED-LENGTH DATA ELEMENTS--GENERAL INFORMATION
fixed length control field 851203s1985 enk 000 0aeng
010 ## - LIBRARY OF CONGRESS CONTROL NUMBER
LC control number 85235295
020 ## - INTERNATIONAL STANDARD BOOK NUMBER
International Standard Book Number 0860362043 (pbk.) :
Terms of availability £5.25
040 ## - CATALOGING SOURCE
Original cataloging agency LC
Transcribing agency Ke-MEMU
Modifying agency Ke-MEMU
043 ## - GEOGRAPHIC AREA CODE
Geographic area code f-gh---
050 00 - LIBRARY OF CONGRESS CALL NUMBER
Classification number DT 512.34
Item number .B38 1985
082 00 - DEWEY DECIMAL CLASSIFICATION NUMBER
Classification number 966.7/05
Edition number 19
100 1# - MAIN ENTRY--PERSONAL NAME
Personal name Batsa, Kofi,
Dates associated with a name 1931-
9 (RLIN) 19551
245 14 - TITLE STATEMENT
Title The spark :
Remainder of title times behind me : from Kwame Nkrumah to Hilla Limann /
Statement of responsibility, etc Kofi Batsa.
260 ## - PUBLICATION, DISTRIBUTION, ETC. (IMPRINT)
Place of publication, distribution, etc London :
Name of publisher, distributor, etc R. Collings,
Date of publication, distribution, etc 1985.
300 ## - PHYSICAL DESCRIPTION
Extent 137 p. ;
Dimensions 22 cm.
600 10 - SUBJECT ADDED ENTRY--PERSONAL NAME
Personal name Batsa, Kofi,
Dates associated with a name 1931-
9 (RLIN) 19551
610 20 - SUBJECT ADDED ENTRY--CORPORATE NAME
Corporate name or jurisdiction name as entry element People's National Party (Ghana)
9 (RLIN) 19552
650 #0 - SUBJECT ADDED ENTRY--TOPICAL TERM
Topical term or geographic name as entry element Politicians
Geographic subdivision Ghana
General subdivision Biography.
9 (RLIN) 19553
651 #0 - SUBJECT ADDED ENTRY--GEOGRAPHIC NAME
Geographic name Ghana
General subdivision Politics and government
Chronological subdivision 1979-2001.
9 (RLIN) 19554
651 #0 - SUBJECT ADDED ENTRY--GEOGRAPHIC NAME
Geographic name Ghana
General subdivision Politics and government
Chronological subdivision 1957-1979.
9 (RLIN) 19555
906 ## - LOCAL DATA ELEMENT F, LDF (RLIN)
a 7
b cbc
c orignew
d 3
e ncip
f 19
g y-gencatlg
942 ## - ADDED ENTRY ELEMENTS (KOHA)
Source of classification or shelving scheme Library of Congress Classification
Koha item type Long Loan Books
Holdings
Withdrawn status Lost status Source of classification or shelving scheme Damaged status Not for loan Home library Current library Shelving location Date acquired Source of acquisition Inventory number Total Checkouts Full call number Barcode Date last seen Copy number Price effective from Koha item type
    Library of Congress Classification     Main Campus Library Main Campus Library General Stacks 09/06/2018 Donation 018-46867   DT 512.34 .B38 1985 07122 09/06/2018 1 09/06/2018 Long Loan Books